1262 1184 1776 1984 1674 1806 1149 1481 1373 1488 1148 1395 1729 1743 1429 1227 1961 1996 1189 1271 1835 1799 1321 1521 1932 1316 1825 1979 1282 1787 1602 1403 1426 1297 1376 1479 1646 1195 1558 1662 1725 1569 1691 1102 1269 1684 1903 1432 1484 1945 1298 1071 1702 1912 1983 1749 1553 1256 1866 1215 1248 1004 1985 1480 1165 1328 1848 1408 1667 1810 1895 1357 1877 1690 1973 1876 1804 1372 1316 1257 1276 1947 1986 1674 1675 1301 1041 1016 1272 1659 1612 1466 1415 1204 1690 1213 1047 1090 1514 BCNSPRNW ULIB Ver.6.0+V

เปลี่ยนเป็นภาษาไทย

Change to English
 แสดงรายละเอียดบรรณานุกรม
  กลับหน้าหลัก

Brief Record : Get Marc (ISO 2709) : E-mail record : QR code < ปิดหน้าต่าง
LEADER : 00000nam 2200000uu 4500
001    13399122193
003     ULIB
008    130109s2554||||th 000 0 tha d
020    ^a9789740328018
050    ^aHA29.5^bณ259ส
100    ^aณหทัย ราตรี.
245    ^aสถิติเบื้องต้น : แนวคิดและทฤษฎี /^cณหทัย ราตรี.
250    ^aพิมพ์ครั้งที่ 1
260    ^aกรุงเทพฯ :^bสำนักพิมพ์แห่งจุฬาลงกรณ์มหาวิทยาลัย,^c2554
300    ^a418 หน้า
650    ^aสถิติเบื้องต้น
650    ^aสถิติ
945    ^p300^l0^i19652
999    ^aกัณชพร
รายการนี้ยังไม่มีแท็ก
คุณยังไม่ได้ล็อกอิน คุณสามารถมีกิจกรรมร่วมกับเว็บไซต์ได้ แต่ต้องล็อกอินก่อน ::
  ล็อกอิน

รายการสื่อสารสนเทศ

ลำดับที่ ประเภท เลขเรียก/บาร์โค้ด สถานที่ สถานะ
1. การศึกษาทั่วไป
การศึกษาทั่วไป
HA29.5 ณ259ส  
  Barcode: 19652
ห้องสมุดวิทยาเขตสวรรค์ประชารักษ์
►หนังสือทั่วไป
บนชั้น

รายการใกล้เคียง
    ผู้แต่ง [ณหทัย ราตรี.]

    หัวเรื่อง [สถิติเบื้องต้น]
    หัวเรื่อง [สถิติ]

BibComment


ยังไม่เคยถูกคอมเมนท์

คอมเมนท์ทรัพยากรรายการนี้
  คอมเมนท์: สถิติเบื้องต้น ..


 Copyright 2026. Bcnsprnw @Library